| 000 | 00712cab a2200229 4500 | ||
|---|---|---|---|
| 001 | WB3116-02 | ||
| 008 | 090401t1995 xxu||||| |||| 00| 0 eng d | ||
| 035 | _a(Sirsi) u57289 | ||
| 041 | _aeng | ||
| 245 | _aGloom strikes builders | ||
| 260 | _c1995 | ||
| 350 | _a0 | ||
| 490 |
_aIndependent _v14 April 1995, 31 |
||
| 490 |
_aBuilding _v260(7889) 21 April 1995, 16(2) |
||
| 520 | _aRecovery in the construction industry has ground to a virtual halt and is unlikely to regain momentum in the near future according to the Building Employers Confederation. | ||
| 650 | _aBEC | ||
| 650 | _aCONSTRUCTION MARKET | ||
| 650 | _aFORECASTS | ||
| 690 | _aBUILT ENVIRONMENT | ||
| 942 | _n0 | ||
| 948 | _c04/03/1997 | ||
| 999 |
_c34913 _d34913 |
||